Call of Duty Infinite Warfare - Statistics

General Stats
  • This quiz has been taken 11 times
  • The average score is 68 of 158
Answer Stats
Hint Answer % Correct
Operator FTL
78%
Assault Rifle (Update) G-Rail
78%
Operator Merc
78%
Assault Rifle NV4
78%
Operator Phantom
78%
Assault Rifle R3K
78%
Operator Stryker
78%
Gamemode Team Deathmatch
78%
Assault Rifle Type-2
78%
Operator Warfighter
78%
Gamemode Domination
67%
SMG Erad
67%
SMG FHR-40
67%
Gamemode Hardpoint
67%
Gamemode Infected
67%
SMG Karma-45
67%
Assault Rifle KBAR-32
67%
Sniper Rifle KBS Longbow
67%
LMG Mauler
67%
Shotgun Rack-9
67%
Shotgun Reaver
67%
Operator Synaptic
67%
Map (Bonus) Terminal
67%
LMG Titan
67%
Sniper Rifle Widowmaker
67%
Assault Rifle (Update) X-Eon
67%
LMG (Update) Auger
56%
Melee (Update) Axe
56%
Shotgun Banshee
56%
Gamemode Capture the Flag
56%
Sniper Rifle DMR-1
56%
Gamemode Free-for-All
56%
Map Frontier
56%
Map Genesis
56%
Classic Secondary Hornet
56%
Melee (Update) Katana
56%
Handgun Kendall 44
56%
Classic Primary MacTav-45
56%
Melee (Update) Nunchucks
56%
Handgun Oni
56%
Map Precinct
56%
LMG R.A.W.
56%
SMG RPR Evo
56%
Assault Rifle (Update) R-VN
56%
Map Scorch
56%
Gamemode Search and Destroy
56%
Map Throwback
56%
Gamemode Uplink
56%
Launcher (Update) Venom-X
56%
Scorestreak Advanced UAV
44%
Scorestreak AP-3X
44%
LMG (Update) Atlas
44%
Tier 2 Perk Cold-Blooded
44%
Melee Combat Knife
44%
Scorestreak Counter-UAV
44%
Shotgun DCM-8
44%
Hidden Scorestreak De-Atomizer Strike
44%
Sniper Rifle EBR-800
44%
Handgun EMC
44%
Tier 1 Perk Ghost
44%
Gamemode Ground War
44%
Gamemode Gun Game
44%
Handgun Hailstorm
44%
Launcher Howitzer
44%
SMG HVR
44%
Classic Primary M1
44%
Shotgun (Update) M.2187
44%
Map Mayday
44%
Classic Primary OSA
44%
Launcher P-LAW
44%
Sniper Rifle (Update) Proteus
44%
SMG (Update) Raijin-EMX
44%
Map Retaliation
44%
Tier 2 Perk Scavenger
44%
Scorestreak Scorchers
44%
Scorestreak Shock Sentry
44%
Launcher Spartan SA3
44%
Classic Primary S-Ravage
44%
Handgun (Update) Stallion .44
44%
Classic Primary TF-141
44%
Scorestreak T.H.O.R.
44%
Tier 2 Perk Tracker
44%
SMG (Update) Trencher
44%
Scorestreak UAV
44%
Handgun (Update) UDM
44%
Assault Rifle Volk
44%
SMG (Update) VPR
44%
Scorestreak Warden
44%
Map (DLC) Bermuda
33%
Tactical Blackout Grenade
33%
Tier 1 Perk Blast Shield
33%
Tier 1 Perk Blind Eye
33%
Scorestreak Bombardment
33%
Map Breakout
33%
Map Crusher
33%
Tier 3 Perk Dead Silence
33%
Map (DLC) Depot 22
33%
Tier 1 Perk Dexterity
33%
Scorestreak Drone Package
33%
Tier 3 Perk Engineer
33%
Gamemode Frontline
33%
Map Frost
33%
Map Grounded
33%
Tier 3 Perk Gung-Ho
33%
Tier 2 Perk Hardline
33%
Tier 3 Perk Hardwired
33%
Map (DLC) Heartland
33%
Gamemode Kill Confirmed
33%
Tier 3 Perk Marksman
33%
Tier 2 Perk Momentum
33%
Map (DLC) Noir
33%
Tier 1 Perk Overclock
33%
Tactical Personal Radar
33%
Tier 3 Perk Pin Point
33%
Lethal Plasma Grenade
33%
Scorestreak R-C8
33%
Tier 1 Perk Recon
33%
Scorestreak Scarab
33%
Lethal Seeker Grenade
33%
Map Skydock
33%
Tier 2 Perk Tac Resist
33%
Lethal T.A.R.
33%
Sniper Rifle (Update) Trek-50
33%
Scorestreak Trinity Rocket
33%
Lethal Trip Mine
33%
Scorestreak Vulture
33%
Map (DLC) Altitude
22%
Map (DLC) Archive
22%
Lethal Bio Spike
22%
Lethal Black Hole Projector
22%
Lethal C4
22%
Map (DLC) Carnage
22%
Lethal Cluster Grenade
22%
Gamemode Cranked
22%
Tactical Cryo Mine
22%
Gamemode Defender
22%
Gamemode Demolition
22%
Tactical Dome Shield
22%
Map (DLC) Dominion
22%
Gamemode Drop Zone
22%
Map (DLC) Ember
22%
Map (DLC) Excess
22%
Lethal Exploding Drone
22%
Lethal Flechette Grenade
22%
Map (DLC) Fore
22%
Gamemode Grind
22%
Tactical Jammer Grenade
22%
Tactical Nano Shot
22%
Map (DLC) Neon
22%
Map (DLC) Permafrost
22%
Gamemode Reinforce
22%
Map (DLC) Renaissance
22%
Map (DLC) Scrap
22%
Gamemode Search and Rescue
22%
Tactical Smoke Grenade
22%
Tactical Trophy System
22%
Map (DLC) Turista
22%
Gamemode All or Nothing
11%
No matching quizzes found
Score Distribution
Percent of People with Each Score
Percentile by Number Answered
Your Score History
You have not taken this quiz